000 03748nam a22005417a 4500
001 986243536
003 OCoLC
005 20241225134024.0
006 m o d
007 cr |n|||||||||
008 170509t20182018paua ob 001 0 eng
020 _a9780323761741
035 _a(OCoLC)986243536
040 _aTMC
_beng
_erda
_cTMC
_dABH
_dMMU
_dUIU
049 _aYYEA
_aVZYM
080 _a616-053.2
_bN-37
100 _9139
_aKliegman, M. Robert
245 0 0 _aNelson pediatric symptom-based diagnosis
_c[edited by] Robert M. Kliegman, Patricia S. Lye, Brett J. Bordini, Heather Toth, Donald Basel.
246 3 _aPediatric symptom-based diagnosis.
250 _a2
260 _aPhiladelphia, PA :
_bElsevier,
_c2023
260 _c2023
300 _aix, 1240pages :
_bcolor illustrations.
365 _b56.99 usd
500 _aEINSTEIN & MMC: available online via Clinical Key. See Reference staff for assistance.
504 _aIncludes bibliographical references and index.
505 0 _aSore throat -- Cough -- Respiratory distress -- Earache -- Apparent life threatening event--brief resolved unexplained event -- Syncope and dizziness -- Chest pain -- Murmurs -- Failure to thrive -- Abdominal pain -- Diarrhea -- Vomiting and regurgitation -- Gastrointestinal bleeding -- Hepatomegaly -- Jaundice -- Constipation -- Abdominal masses -- Dysuria -- Proteinuria -- Hematuria -- Acute and chronic scrotal swelling -- Menstrual problems and vaginal bleeding -- Disorders of sex development -- Intellectual and developmental disability -- Dysmorphology -- Irritable infant -- Unusual behaviors -- Headaches -- Hypotonia, weakness, and stroke -- Paroxysmal disorders -- Altered mental status -- Eye disorders -- Arthritis -- Gait disturbances -- Back pain in children and adolescents -- Lymphadenopathy and neck masses -- Pallor and anemia -- Bleeding and thrombosis -- Fever -- Fever and rash -- Recurrent fever, infections, immune disorders, and autoinflammatory diseases -- Disorders of puberty -- Short stature -- Hypoglycemia -- Urinary incontinence and polyuria -- Acid--base and electrolyte disturbances -- Congenital cutaneous lesions and infantile rashes -- Acquired rashes in the older child.
520 _a"Nelson Pediatric Symptom-Based Diagnosis, by Drs. Robert M. Kliegman, Patricia S. Lye, Brett Bordini, Heather Toth, and Donald Basel, uses a unique, step-by-step, symptom-based approach to differential diagnosis of diseases and disorders in children and adolescents. Conveniently linked to the world's best-selling pediatric reference, Nelson Textbook of Pediatrics, 20th Edition, it focuses on the symptoms you're likely to see in general practice, as well as uncommon disorders. You'll find clear guidance on exactly what to consider and how to proceed when faced with a host of common symptoms such as cough, fever, headache, chest pain, gait disturbances, and many more"--Publisher's description.
588 0 _aOnline resource; title from resource home page (ClinicalKey, viewed May 10, 2017).
650 1 2 _aSigns and Symptoms.
650 1 2 _aPediatrics.
650 2 2 _aDiagnosis, Differential.
650 2 2 _aAdolescent.
650 2 2 _aChild.
650 2 2 _aInfant.
650 2 0 _aMedicine
_969
653 _aპედიატრია
653 _aმედიცინა
655 7 _aElectronic books.
700 1 _aBordini, Brett J.
700 1 _aKliegman, Robert M.
700 1 _aLye, Patricia S.
700 1 _aBordini, Brett J.
700 1 _aToth, Heather.
700 1 _aBasel, Donald.
776 0 8 _iPrint version:
_tNelson pediatric symptom-based diagnosis.
_dPhiladelphia, PA : Elsevier, [2018]
_z9780323399562
_w(DLC) 2016050910
_w(OCoLC)962548483.
942 _2udc
_cBK
999 _c2275
_d2275